000 00615nam a2200217Ia 4500
005 20180823100954.0
008 131103s9999 xx 000 0 und d
040 _aLoreto College
041 _aEnglish
082 _a320.5
_bMAR-FIS
100 _aMarx, Karl
245 _aMarx in his own words
_cErnest Fischer and Franz Marek; translated by Anna Bostock
260 _aHarmondsworth
_bPenguin Books
_c1978
300 _a187p
504 _aIncludes bibliographical references and index
650 _aMarxism
651 _aPolitical Ideology
700 _aFischer, Ernest
850 _aLCLIB
942 _cBK
999 _c17549
_d68028